Normal view MARC view
  • Gokhale,Sadhana

Entry Personal Name

Number of records used in: 1

001 - CONTROL NUMBER

  • control field: 82293

003 - CONTROL NUMBER IDENTIFIER

  • control field: OSt

005 - DATE AND TIME OF LATEST TRANSACTION

  • control field: 20220806114551.0

008 - FIXED-LENGTH DATA ELEMENTS

  • fixed length control field: 220806|| aca||aabn | a|a d

040 ## - CATALOGING SOURCE

  • Original cataloging agency: OSt
  • Transcribing agency: OSt

100 ## - HEADING--PERSONAL NAME

  • Personal name: Gokhale,Sadhana

670 ## - SOURCE DATA FOUND

  • Source citation: Work cat.: (OSt)45391: Gokhale,Sadhana, Sociology, 2019